00478nam a2200181Ia 4500003000900000008004100009040001300050040001300063041000800076245010400084250001000188260002500198260000900223300001100232300001000243490000600253710003700259IT-RoPAU120407s9999 xx 000 0 und d aIT-RoPAU cIT-RoPAU aita a“Spezzate il pane della parola” (Don Alberione). Dossier per l’anno biblico paolino 1991-1992 aRoma  aCasa Generalizia SSP c1991 a139 p. c29 cm v1 aCentro di spiritualità paolina